000 00323nam a22001457a 4500
003 SGT
020 _a97815-43347-62-3
082 _a611
_bDAS
100 _aDAS, DR. MANS KUMAR
245 _aLAB MANUAL HUMAN ANATOMY
260 _aINDIA
_bS. VIKASH
_c2023
300 _a88
650 _aHUMAN ANATOMY
942 _2ddc
_cBK
999 _c32498
_d32498